Statistiques concernant Les Premiers Ministres français

Cliquez ici pour prendre le quiz!

Statistiques générales

  • Ce quiz a été pris 19 383 fois
    (5 213 depuis la dernière actualisation)
  • Le résultat moyen est 14 sur 23

Statistiques - réponses

Mandats1ers Ministre% Correct
2017-2020Edouard Philippe
95%
1974-1976, 1986-1988Jacques Chirac
94%
2020-Jean Castex
91%
2014-2016Manuel Valls
87%
1997-2002Lionel Jospin
81%
2007-2012François Fillon
79%
1962-1968Georges Pompidou
75%
2012-2014Jean-Marc Ayrault
64%
1993-1995Edouard Balladur
64%
1991-1992Edith Cresson
64%
2005-2007Dominique de Villepin
62%
2016-2017Bernard Cazeneuve
59%
1995-1997Alain Juppé
57%
2002-2005Jean-Pierre Raffarin
56%
1992-1993Pierre Bérégovoy
48%
1988-1991Michel Rocard
48%
1984-1986Laurent Fabius
48%
1969-1972Jacques Chaban-Delmas
42%
1981-1984Pierre Mauroy
41%
1976-1981Raymond Barre
41%
1959-1962Michel Debré
40%
1968-1969Maurice Couve de Murville
29%
1972-1974Pierre Messmer
28%

Distribution des résultats

Percentile par nombre de réponses

% des personnes avec chaque résultat

Votre développement - résultats

Vous n’avez pas pris ce quiz depuis la dernière actualisation